Sintonización analítica de reguladores PID óptimos y robustos
Spremljeno u:
| Glavni autor: | |
|---|---|
| Format: | Knjiga |
| Izdano: |
2006
[San José], C.R
|
| Teme: | |
| Oznake: |
Dodaj oznaku
Bez oznaka, Budi prvi tko označuje ovaj zapis!
|
MARC
| LEADER | 00000nam a2200000Ia 4500 | ||
|---|---|---|---|
| 003 | 009669 | ||
| 005 | 20221231144125.0 | ||
| 008 | 140114s2006 cr a m 000 ||s d | ||
| 040 | |c cru CEDI | ||
| 090 | |a TFG 5199 | ||
| 100 | |a Alfaro Ruíz, Víctor M. |9 5706 | ||
| 245 | |a Sintonización analítica de reguladores PID óptimos y robustos | ||
| 260 | |c [San José], C.R |b 2006 | ||
| 300 | |a xvii, 307 hojas : ilustraciones | ||
| 500 | |a Tesis (magíster scientiae en ingeniería eléctrica con énfasis en sistemas digitales)--Universidad de Costa Rica. Sistema de Estudios de Posgrado | ||
| 650 | |x SISTEMAS DE CONTROL POR REALIMENTACION |x CONTROLADORES PID SISTEMAS DE CONTROL |x CONTROL AUTOMATICO |9 5707 | ||
| 942 | |c TFG | ||
| 999 | |c 17224 |d 17224 | ||
